00443nam a2200157Ia 4500008004100000020001200041082001400053100002100067245003700088250000800125260003400133300002800167500001900195600002100214650005000235240925s9999 xx 000 0 und d a7059296 a003.3 LAW aLaw ,Averill M. 0aSimulation Modeling and Analysis a3rd aBoston:bMC Graw-Hillc,2000. axxi,698p.bNAfOriginal aIncludes Index aComputer Science aComputer science, information & general works